Giuseppe Pella - Statistics

Statistiche generali
  • Questo quiz è stato fatto 3 volte
  • Il punteggio medio è 11 su 19
Statistiche sulle risposte
Anni Carica ricoperta % Corretto
1946-1968 Deputato
100%
1953-1954 Ministro degli esteri
100%
1957-1958 Ministro degli esteri
100%
1959-1960 Ministro degli esteri
100%
1953-1954 Presidente del consiglio dei ministri
100%
1968-1976 Senatore
100%
1948-1951 Ministro del Tesoro
67%
1952-1953 Ministro del Tesoro
67%
1953-1953 Ministro del Tesoro
67%
1957-1958 Vicepresidente del consiglio dei ministri
67%
1948-1950 Ministro del bilancio
33%
1950-1953 Ministro del bilancio
33%
1953-1953 Ministro del bilancio
33%
1953-1954 Ministro del bilancio
33%
1960-1962 Ministro del bilancio
33%
1947-1948 Ministro delle Finanze
33%
1972-1972 Ministro delle Finanze
33%
1947-1948 Sottosegretario del Ministero delle Finanze e del Tesoro
33%
1954-1956 Presidente del Parlamento europeo
0%
Nessun quiz corrispondente trovato
Distribuzione punteggi
Percentuale di utenti per punteggio
Percentile per numero di risposta
I tuoi punteggi nel tempo
Non hai fatto questo quiz